| 000 | 00934nam1a2200265 i 4500 | ||
|---|---|---|---|
| 001 | RU\NLR\ONL1\22276 | ||
| 005 | 20241118011908.0 | ||
| 035 | _a(NLR Aleph) 010207997 | ||
| 090 |
_a10261517 _c10261517 |
||
| 100 | _a20130222d1939 c||y0rusy50 ca | ||
| 101 | 0 | _apem | |
| 102 | _aRU | ||
| 105 | _aa ||||||||| | ||
| 200 | 1 |
_aКоми кыв грамматика _eнач. школа понда _fА.Т.Мошегова |
|
| 210 |
_aКудымкар _cКомипермгиз _d1939 |
||
| 215 | _d22 | ||
| 541 | 1 |
_aГрамматика коми [пермяцкого] языка для начальной школы _zrus |
|
| 606 | 0 |
_aКоми-пермяцкий язык _91394439 _3RU\NLR\auth\66586392 |
|
| 686 | 1 | _aШ166.422-921 | |
| 700 | 1 |
_aМошегова _bА. Т. _gАнна Трофимовна _4070 |
|
| 801 | 0 |
_aRU _bNLR _c20130222 _gPSBO |
|
| 852 |
_aNLR _jКоми-п./3-141 |
||
| 852 |
_aNLR _bОНЛ |
||
| 942 | _cBOOK | ||